[Event "CZE-chT2C 1112"]
[Site "Czech Republic"]
[Date "2012.03.04"]
[Round "9.8"]
[White "Flek, Ladislav"]
[Black "Sykora, Ondrej"]
[Result "0-1"]
[WhiteElo "1932"]
[BlackElo "2169"]
[PlyCount "92"]
[EventDate "2011.10.09"]
[EventType "team-tourn"]
[EventRounds "11"]
[EventCountry "CZE"]
[SourceTitle "EXT 2013"]
[Source "ChessBase"]
[SourceDate "2012.11.22"]
[SourceVersion "1"]
[SourceVersionDate "2012.11.22"]
[SourceQuality "1"]
[WhiteTeam "Pankrac II"]
[BlackTeam "Turnov Zikuda II"]
[WhiteTeamCountry "CZE"]
[BlackTeamCountry "CZE"]

1. e4 e5 2. Nf3 Nc6 3. Bb5 a6 4. Bxc6 dxc6 5. d4 exd4 6. Qxd4 Qxd4 7. Nxd4 Nf6 8. f3 c5 9. Ne2 Bd7 10. Be3 0-0-0 11. Nd2 Be7 12. 0-0-0 Rhe8 13. Nf4 Bc6 14. Nd3 Nd7 15. Nc4 Bb5 16. Nce5 Nxe5 17. Nxe5 f6 18. Nd3 b6 19. Nf4 Rxd1+ 20. Rxd1 Bd6 21. Bd2 Bd7 22. Nd3 c4 23. Nf4 b5 24. h3 f5 25. exf5 Bxf5 26. Nd5 Re2 27. g4 Bd7 28. Rf1 Rh2 29. Bf4 Bxf4+ 30. Nxf4 g5 31. Nd5 Rxh3 32. Rf2 Kb7 33. Kd2 Bc6 34. Nf6 Bxf3 35. Nxh7 Rxh7 36. Rxf3 Rh2+ 37. Kc3 Rg2 38. a4 Rxg4 39. a5 Rg2 40. Rf6 g4 41. Rg6 g3 42. Rg5 Kc6 43. b3 cxb3 44. cxb3 Rg1 45. Kd4 g2 46. Rg6+ Kd7 0-1

[Event "CZE-chT2A 0809"]
[Site "Czech Republic"]
[Date "2008.11.09"]
[Round "2.7"]
[White "Flek, Ladislav"]
[Black "Soukup, Alois"]
[Result "0-1"]
[WhiteElo "2007"]
[BlackElo "2182"]
[PlyCount "154"]
[EventDate "2008.10.12"]
[EventType "team-tourn"]
[EventRounds "11"]
[EventCountry "CZE"]
[SourceTitle "EXT 2010"]
[Source "ChessBase"]
[SourceDate "2010.11.25"]
[SourceVersion "1"]
[SourceVersionDate "2010.11.25"]
[SourceQuality "1"]
[WhiteTeam "Praha Pankrac II"]
[BlackTeam "Plzen Sokol II"]
[WhiteTeamCountry "CZE"]
[BlackTeamCountry "CZE"]

1. e4 c5 2. Nf3 Nc6 3. Nc3 g6 4. Bb5 Bg7 5. Bxc6 dxc6 6. d3 Bg4 7. Be3 Qd6 8. Qd2 Bxf3 9. gxf3 e5 10. f4 Ne7 11. Ne2 f5 12. fxe5 Bxe5 13. 0-0-0 b6 14. Bh6 Rg8 15. f4 Bg7 16. Bg5 0-0-0 17. exf5 gxf5 18. Ng3 Rgf8 19. Rhe1 Rd7 20. Bxe7 Rxe7 21. Rxe7 Qxe7 22. Re1 Qf7 23. Kb1 h5 24. Qg2 Qg6 25. Qe2 h4 26. Nf1 Qf6 27. c3 Bh6 28. Qf3 Qd6 29. Re5 Bg7 30. Re1 Rd8 31. Kc2 Kc7 32. Nd2 b5 33. Re3 Rd7 34. Qh3 Qxf4 35. Rf3 Qg4 36. Qf1 Rf7 37. Rf4 Qh5 38. Qf2 Bh6 39. Rxh4 Qg5 40. Qg3+ Qxg3 41. hxg3 Be3 42. Nf1 Bg5 43. Rh5 Rg7 44. Rh2 Kd6 45. Rf2 Ke6 46. Kd1 a5 47. Ke2 a4 48. Kf3 Rd7 49. Ke2 Bc1 50. Kd1 Bg5 51. Kc2 Rh7 52. b3 axb3+ 53. axb3 Ra7 54. Kb2 b4 55. Re2+ Kd6 56. Ne3 Bxe3 57. Rxe3 Rh7 58. c4 Rh2+ 59. Kc1 Rh3 60. Kd2 Rh2+ 61. Kc1 Rg2 62. Kb1 Rd2 63. Kc1 Rh2 64. Kb1 Rh3 65. Rf3 Ke5 66. Kc2 Rh2+ 67. Kc1 Rg2 68. Kb1 Kd4 69. Kc1 Kc3 70. d4+ Kxd4 71. Kb1 Ke5 72. Kc1 Kf6 73. Kb1 Kg5 74. Kc1 Re2 75. Kd1 Re4 76. Kd2 Kg4 77. Rd3 Rd4 0-1

[Event "CZE-chT2c 0607"]
[Site "Czech Republic"]
[Date "2006.12.17"]
[Round "5.8"]
[White "Flek, Ladislav"]
[Black "Matejovsky, Ondrej"]
[Result "1/2-1/2"]
[WhiteElo "2024"]
[BlackElo "2069"]
[PlyCount "118"]
[EventDate "2006.10.15"]
[EventType "team"]
[EventRounds "11"]
[EventCountry "CZE"]
[SourceTitle "EXT 2008"]
[Source "ChessBase"]
[SourceDate "2007.11.25"]
[SourceVersion "1"]
[SourceVersionDate "2007.11.25"]
[SourceQuality "1"]
[WhiteTeam "Praha Pankrac II"]
[BlackTeam "Vlasim"]
[WhiteTeamCountry "CZE"]
[BlackTeamCountry "CZE"]

1. e4 e5 2. Nf3 Nf6 3. Nxe5 d6 4. Nf3 Nxe4 5. Nc3 Nxc3 6. dxc3 Be7 7. Be3 0-0 8. Qd2 Nc6 9. 0-0-0 Bf5 10. Nd4 Nxd4 11. cxd4 d5 12. Bd3 Qd7 13. f3 Rfe8 14. h4 Bxd3 15. Qxd3 Bd6 16. Bf2 Re6 17. Rde1 Rae8 18. Kd1 Bb4 19. Rxe6 Rxe6 20. a3 Ba5 21. h5 Qe8 22. b4 Bb6 23. Re1 c6 24. Rxe6 Qxe6 25. Qe2 Qxe2+ 26. Kxe2 f6 27. g4 Kf7 28. a4 g6 29. hxg6+ hxg6 30. Be3 Ke6 31. Kd3 f5 32. g5 f4 33. Bxf4 Kf5 34. Bd2 Bc7 35. Ke2 Bd8 36. Kd3 Be7 37. c3 b5 38. axb5 cxb5 39. Ke2 Bxg5 40. Be1 Bf4 41. Bf2 Bc7 42. Be3 Bf4 43. Bf2 Bc1 44. Bg3 Bg5 45. Bf2 Bd8 46. Be3 Bc7 47. Bd2 g5 48. Be3 Bf4 49. Bf2 Bd6 50. Be3 Bc7 51. Bd2 a5 52. bxa5 Bxa5 53. Kd3 Bc7 54. Be3 Bd6 55. Bd2 Be7 56. Ke2 g4 57. fxg4+ Kxg4 58. Bc1 Kf5 59. Kd3 Bd6 1/2-1/2

[Event "CZE-chT2c 0607"]
[Site "Czech Republic"]
[Date "2006.10.15"]
[Round "1.7"]
[White "Postupa, Pavel"]
[Black "Flek, Ladislav"]
[Result "1-0"]
[WhiteElo "2089"]
[BlackElo "2024"]
[PlyCount "133"]
[EventDate "2006.10.15"]
[EventType "team"]
[EventRounds "11"]
[EventCountry "CZE"]
[SourceTitle "EXT 2008"]
[Source "ChessBase"]
[SourceDate "2007.11.25"]
[SourceVersion "1"]
[SourceVersionDate "2007.11.25"]
[SourceQuality "1"]
[WhiteTeam "Lysa nad Labem"]
[BlackTeam "Praha Pankrac II"]
[WhiteTeamCountry "CZE"]
[BlackTeamCountry "CZE"]

1. e4 c5 2. Nf3 d6 3. d4 cxd4 4. Nxd4 Nf6 5. Nc3 a6 6. f3 e5 7. Nb3 Be6 8. Be3 Be7 9. Qd2 Nbd7 10. 0-0-0 Qc7 11. Kb1 0-0 12. g4 Rac8 13. h4 b5 14. Rh2 Nb6 15. g5 Nh5 16. Qf2 Nc4 17. Bxc4 bxc4 18. Nc1 Rb8 19. Nd5 Bxd5 20. Rxd5 Rb5 21. Rxb5 axb5 22. Qd2 Qc6 23. Ne2 Ra8 24. Rh1 Bd8 25. Rd1 Bc7 26. c3 Kf8 27. a3 Ke7 28. Qc2 Bb6 29. Qd2 Bc5 30. Bxc5 Qxc5 31. f4 exf4 32. Nxf4 Nxf4 33. Qxf4 Qc6 34. Rf1 Rf8 35. e5 d5 36. e6 Qd6 37. Qf5 Qxe6 38. Qf2 Kd7 39. Re1 Qg6+ 40. Ka1 Ra8 41. Qc5 Qd6 42. Qxb5+ Kc7 43. Rf1 Qe6 44. Qc5+ Kb7 45. Qf2 Rf8 46. Re1 Qd6 47. Re3 Kc6 48. Qe2 Rd8 49. Qf2 Rd7 50. Qe2 Qg6 51. Re8 Qf5 52. Ra8 Qe4 53. Qf2 Rb7 54. Ra6+ Kb5 55. Ra7 Kc6 56. Ra6+ Kb5 57. Rd6 Qh1+ 58. Ka2 Qd1 59. Qd4 Qb3+ 60. Ka1 Ka4 61. Qd2 Rb5 62. Ra6+ Ra5 63. Rxa5+ Kxa5 64. Qxd5+ Ka6 65. Qa8+ Kb5 66. Qb7+ Ka4 67. Qa6# 1-0

[Event "CZE-chT2c 0506"]
[Site "Czech Republic"]
[Date "2005.10.16"]
[Round "1.8"]
[White "Zahorbensky, Jaroslav"]
[Black "Flek, Ladislav"]
[Result "1-0"]
[WhiteElo "2133"]
[BlackElo "2072"]
[PlyCount "109"]
[EventDate "2005.10.16"]
[EventType "team"]
[EventRounds "11"]
[EventCountry "CZE"]
[SourceTitle "EXT 2009"]
[Source "ChessBase"]
[SourceDate "2008.11.26"]
[SourceVersion "1"]
[SourceVersionDate "2008.11.26"]
[SourceQuality "1"]
[WhiteTeam "Mlada Boleslav"]
[BlackTeam "Praha Pankrac II"]
[WhiteTeamCountry "CZE"]
[BlackTeamCountry "CZE"]

1. e4 c5 2. Nf3 d6 3. Bb5+ Bd7 4. Bxd7+ Nxd7 5. 0-0 Ngf6 6. Re1 g6 7. c3 Bg7 8. d4 e5 9. dxe5 Nxe5 10. Bg5 0-0 11. Na3 Qe7 12. Nxe5 dxe5 13. Nc4 Qe6 14. Qe2 Rfd8 15. Ne3 h6 16. Bxf6 Bxf6 17. Nd5 Rac8 18. c4 Bg7 19. Rad1 Kh8 20. Rd3 Rd6 21. Rb3 b6 22. Qc2 Rcc6 23. Ra3 a5 24. Rf3 Rd7 25. Rd1 Ra7 26. b3 Kh7 27. Nc3 Bf8 28. Rd5 Be7 29. Rfd3 Rb7 30. Qd1 Kg7 31. Kf1 Rc8 32. Nb5 Rcb8 33. Qa1 f6 34. Qd1 h5 35. h3 Kh6 36. Rd7 Rxd7 37. Rxd7 g5 38. Nc7 Qf7 39. Nd5 Re8 40. Ne3 Qe6 41. Nf5+ Kg6 42. g4 h4 43. Qd5 Bf8 44. Qb7 Qg8 45. Qxb6 a4 46. Qb7 axb3 47. axb3 Bh6 48. Ne7+ Rxe7 49. Rxe7 Qd8 50. Rd7 Qe8 51. Qd5 Bg7 52. Ra7 Qf8 53. Qd7 Qg8 54. Rc7 Qf8 55. Rc8 1-0

[Event "CZE-chT2b 0405"]
[Site "Czech Republic"]
[Date "2005.??.??"]
[Round "?"]
[White "Flek, Ladislav"]
[Black "Reitinger, Petr"]
[Result "1-0"]
[WhiteElo "2045"]
[BlackElo "2110"]
[PlyCount "135"]
[EventDate "2004.10.??"]
[EventType "team"]
[EventRounds "11"]
[EventCountry "CZE"]
[SourceTitle "EXT 2007"]
[Source "ChessBase"]
[SourceDate "2006.11.23"]
[SourceVersion "1"]
[SourceVersionDate "2006.11.23"]
[SourceQuality "1"]

1. e4 c5 2. Nc3 Nc6 3. g3 g6 4. Bg2 Bg7 5. d3 e6 6. Be3 b6 7. Nge2 Nge7 8. d4 cxd4 9. Nxd4 Ba6 10. f4 0-0 11. Nce2 d5 12. Nxc6 Nxc6 13. c3 Qe7 14. Qa4 Na5 15. Kf2 Rac8 16. Rhd1 Bb7 17. e5 f6 18. exf6 Bxf6 19. Bd4 e5 20. fxe5 Bxe5+ 21. Kg1 Rc4 22. Qc2 Bxd4+ 23. Nxd4 Qe3+ 24. Kh1 Rf2 25. Qd3 Qxd3 26. Rxd3 Rxb2 27. Ne6 Rxg2 28. Kxg2 d4+ 29. Kg1 dxc3 30. Rf1 Rc8 31. Rxc3 Re8 32. Nf4 g5 33. Nd3 Re3 34. Rfc1 Nc6 35. Kf2 Re6 36. Ne1 Nd4 37. Rd1 Re2+ 38. Kg1 Ne6 39. Rc2 Re4 40. Rcd2 g4 41. Rd7 Nc5 42. R7d4 Kf7 43. Rxe4 Bxe4 44. Kf2 Ke6 45. Ke3 a5 46. Rd2 b5 47. Kd4 Kd6 48. Rf2 Bd5 49. Nd3 Ne6+ 50. Ke3 Bc4 51. a3 a4 52. Rd2 Nc7 53. Nf2+ Kc5 54. Ne4+ Kb6 55. Rd6+ Ka5 56. Kd4 Bb3 57. Nc5 b4 58. axb4+ Kxb4 59. Na6+ Nxa6 60. Rxa6 a3 61. Rb6+ Ka4 62. Kc3 a2 63. Kb2 Bc4 64. Rh6 a1Q+ 65. Kxa1 Kb3 66. Rxh7 Kc2 67. h4 Kd3 68. Re7 1-0

[Event "CZE-chT2J 0203"]
[Site "Czech Republic"]
[Date "2002.??.??"]
[Round "8"]
[White "Pechoc, Bohumil"]
[Black "Flek, Ladislav"]
[Result "1-0"]
[WhiteElo "1977"]
[BlackElo "2033"]
[PlyCount "64"]
[EventDate "2002.10.??"]
[EventType "team"]
[EventRounds "11"]
[EventCountry "CZE"]
[SourceTitle "EXT 2007"]
[Source "ChessBase"]
[SourceDate "2006.11.23"]
[SourceVersion "1"]
[SourceVersionDate "2006.11.23"]
[SourceQuality "1"]

1. e4 c5 2. f4 d6 3. Nf3 Nf6 4. c3 e6 5. e5 Nd5 6. d4 Be7 7. Bc4 Nb6 8. Bb3 Bd7 9. 0-0 Bc6 10. Be3 0-0 11. Nbd2 cxd4 12. cxd4 Nd5 13. Qe2 Nd7 14. a3 N7b6 15. Bc2 Nxe3 16. Qxe3 Nd5 17. Qd3 g6 18. g3 Qd7 19. Rf2 Rac8 20. Ne4 Kg7 21. h4 Nb6 22. h5 Bb5 23. Qd1 Nc4 24. Qc1 Na5 25. Qe1 b6 26. b3 Bc6 27. Rh2 Bd5 28. Qe3 Rh8 29. f5 exf5 30. Nf6 Qc6 31. Nh4 dxe5 32. Nxf5+ gxf5 1-0

[Event "CZE-chT2b 0001"]
[Site "Czech Republic"]
[Date "2001.??.??"]
[Round "?"]
[White "Flek, Ladislav"]
[Black "Netusil, Jaroslav"]
[Result "1-0"]
[WhiteElo "1910"]
[BlackElo "1990"]
[PlyCount "36"]
[EventDate "2000.??.??"]
[EventType "team"]
[EventRounds "11"]
[EventCountry "CZE"]
[SourceTitle "EXT 2003"]
[Source "ChessBase"]
[SourceDate "2002.11.25"]
[SourceVersion "1"]
[SourceVersionDate "2002.11.25"]
[SourceQuality "1"]

1. e4 Nf6 2. Nc3 d5 3. exd5 Nxd5 4. Bc4 Nb6 5. Bb3 Bf5 6. Qf3 Qc8 7. d4 e6 8. Bf4 c6 9. Ne4 Bxe4 10. Qxe4 N8d7 11. Ne2 Nf6 12. Qf3 Be7 13. c3 Nfd5 14. Bg3 Qd8 15. Rd1 0-0 16. 0-0 Bd6 17. Bxd6 Qxd6 18. c4 Nf6 1-0